Světla v dálce /

Hlavní autor: Svoboda, Emil, 1878-1948
Jazyk: Čeština
Vydáno: Praha : Volná myšlenka, 1927
Edice: Knihovna Volné myšlenky
Fyzický popis: 196, [II] s.
Knihy
Uloženo v:
LEADER 00718nam 22002292a 4500
001 000750537
003 CZ BrMZK
005 20060116083737.0
007 ta
008 041118s1927 xr er|||||||||||cze d
015 |a cnb000543311 
035 |a (OCoLC)7152777 
040 |a BOA001  |b cze 
100 1 |a Svoboda, Emil,  |d 1878-1948  |7 jk01121942  |4 aut 
245 1 0 |a Světla v dálce /  |c napsal Emil Svoboda 
260 |a Praha :  |b Volná myšlenka,  |c 1927 
300 |a 196, [II] s. 
490 1 |a Knihovna Volné myšlenky ;  |v r. 1927, sv. 10 
830 0 |a Knihovna Volné myšlenky 
910 |a BOA001  |b PK-I-0012.185 
990 |a BK 
996 7 |b 3119646325  |c PK-I-0012.185  |l MZK  |r Sklad / do 1 hodiny  |n 2  |w 000750537  |u 000010  |a 1  |e BOA001  |j MZK50  |s A